00458nam a2200169Ia 450000500170000000800410001704000190005804100120007708200170008924500640010626000410017030000150021165000120022665100140023870000250025285000110027720230819093006.0131103s9999 xx 000 0 und d aLoreto College aEnglish a920bROM-CAS aCassell,s Romance of famous LivescEdited by Harold Wheeler aLondonbThe waverley book co.c[19?] aV.1b ill. aCassell aBiography aWheeler, Harold; ed. aLCLIB